000 00863nam a2200265Ia 4500
003 OSt
005 20220923213209.0
006 a|||||r|||| 00| 0
007 ta
008 220922b |||||||| |||| 00| 0 hin d
024 _a159,735
037 _cTextual
040 _aARTS
_cARTS
_bhin
041 _2hin
_ahin
082 _aO152,1:g(P:75), L2
100 _aपाण्डेय, शम्भूनाथ
245 0 _aरस-अलंकार-पिगल
246 _aRasa-alankāra-pigala
250 _aसंस्क0 12
260 _aआगरा
_b विनोद पुस्तक मंदिर
_c1972
300 _a149पृ.
_ccm.
650 _aहिन्दी साहित्य
_9156264
942 _hO152,1:g(P:75), L2
_cTEXL
_2CC
999 _c314482
_d314482